000 01916nam a22002417a 4500
003 NALT
005 20251125233125.0
008 s2558 th o tha d
020 _a9786163990143
040 _aNALT
086 _aสผ 46 7.3 332.673 2558
090 _aAA 560.T52
_bส226ส 2558
110 2 _aสำนักงานเลขาธิการสภาผู้แทนราษฎร ปฏิบัติหน้าที่สำนักงานเลขาธิการสภาปฏิรูปแห่งชาติ
_91766
245 1 0 _aสภาปฏิรูปแห่งชาติ วาระพัฒนาที่ 3 :
_bการส่งเสริมการลงทุนโดยตรงในต่างประเทศของไทย /
_cสำนักงานเลขาธิการสภาผู้แทนราษฎร ปฏิบัติหน้าที่สำนักงานเลขาธิการสภาปฏิรูปแห่งชาติ.
260 _aกรุงเทพฯ :
_bสำนักการพิมพ์ สำนักงานเลขาธิการสภาผู้แทนราษฎร,
_c2558.
300 _a41 หน้า :
_bภาพประกอบ, ตาราง ;
_c30 ซม.
610 2 4 _aคณะกรรมาธิการปฏิรูปการเกษตร อุตสาหกรรม พาณิชย์ การท่องเที่ยวและบริการ สภาปฏิรูปแห่งชาติ
_xรายงาน
_914188
650 4 _aการส่งเสริมการลงทุน
_92288
_xนโยบายของรัฐ
850 _aNALT
856 4 0 _uhttps://hdl.handle.net/20.500.14156/454660
942 _cPAR
_2local
999 _c74345
_d74345
998 _j104
_k นางสาวสายฝน ดีงาม